Quaker peace and prison violence

Saved in:  
Bibliographic Details
Main Author: Edgar, Kimmett (Author)
Format: Print Article
Language:English
Check availability: HBZ Gateway
Interlibrary Loan:Interlibrary Loan for the Fachinformationsdienste (Specialized Information Services in Germany)
Published: 1992
In: Theology
Year: 1992, Volume: 95, Pages: 102-109
Further subjects:B Theology
B Quakers
B Quakers / Society of Friends
B Pacifism
B peace idea / concept of peace
B Friedensvorstellung
Parallel Edition:Electronic

MARC

LEADER 00000caa a22000002c 4500
001 596516967
003 DE-627
005 20220705133012.0
007 tu
008 160405s1992 xx ||||| 00| ||eng c
035 |a (DE-627)596516967 
035 |a (DE-576)464333199 
035 |a (DE-599)GBV596516967 
040 |a DE-627  |b ger  |c DE-627  |e rakwb 
041 |a eng 
084 |a 1  |2 ssgn 
100 1 |a Edgar, Kimmett  |4 aut 
245 1 0 |a Quaker peace and prison violence 
264 1 |c 1992 
336 |a Text  |b txt  |2 rdacontent 
337 |a ohne Hilfsmittel zu benutzen  |b n  |2 rdamedia 
338 |a Band  |b nc  |2 rdacarrier 
650 4 |a Pazifismus 
650 4 |a Friedensvorstellung 
650 4 |a Theologie 
650 4 |a Quäker 
650 4 |a Pacifism 
650 4 |a concept of peace/peace idea 
650 4 |a Theology 
650 4 |a Quakers/Society of Friends 
773 0 8 |i In  |t Theology  |d London : SPCK Publishing, 1920  |g Bd. 95 (1992), S. 102-109  |w (DE-627)129886203  |w (DE-600)301072-7  |w (DE-576)01518594X  |x 0040-571X  |7 nnas 
773 1 8 |g volume:95  |g year:1992  |g pages:102-109 
776 |i Erscheint auch als  |n elektronische Ausgabe  |w (DE-627)1784116718  |k Electronic 
935 |a mteo 
951 |a AR 
ELC |b 1 
ITA |a 1  |t 1 
LOK |0 000 xxxxxcx a22 zn 4500 
LOK |0 001 3295035032 
LOK |0 003 DE-627 
LOK |0 004 596516967 
LOK |0 005 20160405112356 
LOK |0 008 160404||||||||||||||||ger||||||| 
LOK |0 040   |a DE-Tue135  |c DE-627  |d DE-Tue135 
LOK |0 092   |o n 
LOK |0 852   |a DE-Tue135 
LOK |0 852 1  |9 00 
LOK |0 935   |a ixzs  |a ixmi 
LOK |0 939   |a 04-04-16  |b l01 
ORI |a SA-MARC-ixtheoa001.raw 
STA 0 0 |a Pacifism,Pacifism,Quakers,Theology,Theology 
STB 0 0 |a Pacifisme,Pacifisme,Quakers,Théologie,Théologie 
STC 0 0 |a Cuáqueros,Pacifismo,Pacifismo,Teología,Teología 
STD 0 0 |a Pacifismo,Pacifismo,Quaccheri,Teologia,Teologia 
STE 0 0 |a 和平主义,和平主义,非战主义,非战主义,神学家 
STF 0 0 |a 和平主義,和平主義,非戰主義,非戰主義,神學家 
STG 0 0 |a Pacifismo,Pacifismo,Teologia,Teologia 
STH 0 0 |a Богословие (мотив),Богословие,Пацифизм (мотив),Пацифизм 
STI 0 0 |a Θεολογία (μοτίβο),Θεολογία,Πασιφισμός <μοτίβο>,Πασιφισμός,Ειρηνισμός,Ειρηνισμός (μοτίβο) 
SYE 0 0 |a Christliche Theologie , Society of Friends,Religious Society of Friends,Friends,Quakers,Amis,Amigos,Freunde,Religiöse Gesellschaft der Freunde,Gesellschaft der Freunde,Christliche Gesellschaft der Freunde